[Event "IECG WC.2003.F.00006 email"]
[Site "IECG email"]
[Date "2003.12.20"]
[Round "?"]
[White "Carroll, Colin R"]
[Black "Hoogendoorn, Albert"]
[Result "1-0"]
[WhiteElo "1922"]
[BlackElo "1900"]
[PlyCount "49"]
[EventDate "2003.12.20"]
[EventType "tourn (corr)"]
[EventRounds "14"]
[SourceTitle "Corr 2008"]
[Source "ChessBase"]
[SourceDate "2008.06.24"]
[SourceVersion "1"]
[SourceVersionDate "2008.06.24"]
[SourceQuality "1"]

1. e4 e5 2. f4 d5 3. exd5 c6 4. Qe2 cxd5 5. fxe5 Nc6 6. Nf3 Bc5 7. c3 d4 8. b4 Bb6 9. b5 Na5 10. Bb2 dxc3 11. Nxc3 Ne7 12. Ne4 0-0 13. Rc1 Be6 14. Nfg5 Rc8 15. Rxc8 Bxc8 16. Nd6 h6 17. h4 Qc7 18. Qe4 hxg5 19. Bd3 f5 20. exf6 Qxd6 21. fxg7 Qg3+ 22. Kd1 Bg4+ 23. Be2 Rf4 24. Qxe7 Bxe2+ 25. Kc1 1-0

[Event "IECG WC.2003.F.00006 email"]
[Site "IECG email"]
[Date "2003.12.20"]
[Round "?"]
[White "Hoogendoorn, Albert"]
[Black "Perez, Giorgio"]
[Result "0-1"]
[WhiteElo "1900"]
[BlackElo "1877"]
[PlyCount "60"]
[EventDate "2003.12.20"]
[EventType "tourn (corr)"]
[EventRounds "14"]
[SourceTitle "Corr 2008"]
[Source "ChessBase"]
[SourceDate "2008.06.24"]
[SourceVersion "1"]
[SourceVersionDate "2008.06.24"]
[SourceQuality "1"]

1. e4 e5 2. Nf3 Nc6 3. Bb5 a6 4. Bxc6 dxc6 5. 0-0 f6 6. d4 Bg4 7. Qd3 Bxf3 8. Qxf3 Qxd4 9. Rd1 Qc4 10. Qg4 Qf7 11. Rd3 Bd6 12. Rb3 f5 13. exf5 Nf6 14. Qf3 0-0-0 15. Nc3 Rhf8 16. Bg5 h6 17. Bh4 Be7 18. Re1 Nd5 19. Bxe7 Nxe7 20. Rxe5 Nxf5 21. Qg4 Rd7 22. f3 Qf6 23. f4 h5 24. Qxh5 Nd4 25. g3 Nf3+ 26. Qxf3 Qxe5 27. fxe5 Rxf3 28. e6 Rd2 29. Na4 Rff2 30. Re3 Rg2+ 0-1

[Event "IECG WC.2003.F.00006 email"]
[Site "IECG email"]
[Date "2003.12.20"]
[Round "?"]
[White "Hoogendoorn, Albert"]
[Black "Pfaffel, Thomas"]
[Result "0-1"]
[WhiteElo "1900"]
[BlackElo "1902"]
[PlyCount "54"]
[EventDate "2003.12.20"]
[EventType "tourn (corr)"]
[EventRounds "14"]
[SourceTitle "Corr 2008"]
[Source "ChessBase"]
[SourceDate "2008.06.24"]
[SourceVersion "1"]
[SourceVersionDate "2008.06.24"]
[SourceQuality "1"]

1. e4 c5 2. d4 cxd4 3. c3 dxc3 4. Nxc3 Nc6 5. Nf3 e6 6. Bc4 a6 7. 0-0 Nge7 8. Bg5 f6 9. Be3 b5 10. Bb3 Ng6 11. Nd4 Bb7 12. Nxc6 Bxc6 13. Qd4 Be7 14. f4 Qc7 15. f5 Bd6 16. fxg6 Bxh2+ 17. Kf2 hxg6 18. Rh1 Rh4 19. Rac1 Qg3+ 20. Kf1 Rg4 21. Rc2 b4 22. Rxh2 Qxh2 23. Qxb4 Rc8 24. Bg1 Qg3 25. Bc5 Qh4 26. Qb6 Qh1+ 27. Bg1 Bxe4 0-1

[Event "IECG WC.2003.F.00006 email"]
[Site "IECG email"]
[Date "2003.12.20"]
[Round "?"]
[White "Hoogendoorn, Albert"]
[Black "Ventimiglia, Charles"]
[Result "1-0"]
[WhiteElo "1900"]
[BlackElo "1926"]
[PlyCount "69"]
[EventDate "2003.12.20"]
[EventType "tourn (corr)"]
[EventRounds "14"]
[SourceTitle "Corr 2008"]
[Source "ChessBase"]
[SourceDate "2008.06.24"]
[SourceVersion "1"]
[SourceVersionDate "2008.06.24"]
[SourceQuality "1"]

1. e4 c5 2. d4 cxd4 3. c3 Nf6 4. e5 Nd5 5. Nf3 Nc6 6. Bc4 Nb6 7. Bb3 d5 8. exd6 Qxd6 9. Na3 dxc3 10. Nb5 Qxd1+ 11. Kxd1 Rb8 12. bxc3 Bg4 13. Ke2 a6 14. Nc7+ Kd7 15. Nd5 Nxd5 16. Bxd5 e6 17. Be4 Bd6 18. h3 Bh5 19. Rd1 f5 20. g4 fxe4 21. Ng5 Ne7 22. Nxe4 Nd5 23. gxh5 Rbc8 24. Rb1 b5 25. Rb3 Rc4 26. f3 Kc6 27. h6 g6 28. Rd4 Be5 29. Rxc4+ bxc4 30. Rb2 Rf8 31. Bd2 Rf5 32. h4 Rf8 33. Ng5 Rd8 34. Nf7 Rd7 35. Nxe5+ 1-0

[Event "IECG WC.2003.F.00006 email"]
[Site "IECG email"]
[Date "2003.12.20"]
[Round "?"]
[White "Sanmartino, Gianluca"]
[Black "Hoogendoorn, Albert"]
[Result "1-0"]
[WhiteElo "1815"]
[BlackElo "1900"]
[PlyCount "41"]
[EventDate "2003.12.20"]
[EventType "tourn (corr)"]
[EventRounds "14"]
[SourceTitle "Corr 2008"]
[Source "ChessBase"]
[SourceDate "2008.06.24"]
[SourceVersion "1"]
[SourceVersionDate "2008.06.24"]
[SourceQuality "1"]

1. e4 e5 2. Nf3 Nf6 3. Nxe5 d6 4. Nf3 Nxe4 5. d4 d5 6. Bd3 Be7 7. 0-0 Nc6 8. c4 Nb4 9. cxd5 Nxd3 10. Qxd3 Qxd5 11. Re1 Bf5 12. Nc3 Nxc3 13. Qxc3 c6 14. Bh6 Rg8 15. Re5 Qd7 16. Rae1 Be6 17. Ng5 Bxg5 18. Bxg5 h6 19. Bh4 g5 20. Bg3 Rd8 21. d5 1-0

[Event "IECG WC.2002.F.00009 email"]
[Site "IECG email"]
[Date "2002.12.15"]
[Round "?"]
[White "Hoogendoorn, Albert"]
[Black "Freire, Daniel J"]
[Result "1/2-1/2"]
[WhiteElo "1905"]
[BlackElo "1954"]
[PlyCount "59"]
[EventDate "2002.12.15"]
[EventType "tourn (corr)"]
[EventRounds "10"]
[SourceTitle "Corr 2008"]
[Source "ChessBase"]
[SourceDate "2008.06.24"]
[SourceVersion "1"]
[SourceVersionDate "2008.06.24"]
[SourceQuality "1"]

1. e4 d5 2. exd5 Qxd5 3. Nc3 Qa5 4. d4 c6 5. Nf3 Nf6 6. Bd2 Bf5 7. Bc4 e6 8. Nd5 Qd8 9. Nxf6+ Qxf6 10. Qe2 Nd7 11. 0-0-0 Nb6 12. Bg5 Qg6 13. h4 Bg4 14. Bd3 Qh5 15. Be4 Bd6 16. c4 h6 17. Bd2 Nd7 18. c5 Bc7 19. Kb1 0-0-0 20. Qe3 f5 21. Bc2 Rhe8 22. Qa3 Kb8 23. Rdg1 e5 24. dxe5 Bxf3 25. Qxf3 Qxf3 26. gxf3 Bxe5 27. Ba5 b6 28. cxb6 axb6 29. Bb4 Bf6 30. Bxf5 1/2-1/2

[Event "IECG TE.2001.S.00603 email"]
[Site "IECG email"]
[Date "2002.12.15"]
[Round "?"]
[White "Hoogendoorn, Albert"]
[Black "Santos, Roman"]
[Result "1/2-1/2"]
[WhiteElo "1905"]
[BlackElo "2065"]
[PlyCount "51"]
[EventDate "2002.12.15"]
[EventType "tourn (corr)"]
[EventRounds "8"]
[SourceTitle "Corr 2008"]
[Source "ChessBase"]
[SourceDate "2008.06.24"]
[SourceVersion "1"]
[SourceVersionDate "2008.06.24"]
[SourceQuality "1"]

1. e4 c5 2. d4 cxd4 3. c3 dxc3 4. Nxc3 Nc6 5. Nf3 d6 6. Bc4 a6 7. 0-0 Nf6 8. Qe2 Bg4 9. Rd1 e6 10. Bf4 Qb8 11. Qd3 Na5 12. Bb3 Nxb3 13. axb3 Be7 14. Bxd6 Bxd6 15. Qxd6 Qxd6 16. Rxd6 Bxf3 17. gxf3 Ke7 18. Rad1 Rhd8 19. Rxd8 Rxd8 20. Rxd8 Kxd8 21. f4 b5 22. b4 Ng8 23. Ne2 Ne7 24. Nd4 Kd7 25. Kg2 Nc6 26. Nxc6 1/2-1/2

[Event "IECG WC.2002.F.00009 email"]
[Site "IECG email"]
[Date "2002.12.15"]
[Round "?"]
[White "Horbach, Frank"]
[Black "Hoogendoorn, Albert"]
[Result "1-0"]
[WhiteElo "1917"]
[BlackElo "1905"]
[PlyCount "59"]
[EventDate "2002.12.15"]
[EventType "tourn (corr)"]
[EventRounds "10"]
[SourceTitle "Corr 2008"]
[Source "ChessBase"]
[SourceDate "2008.06.24"]
[SourceVersion "1"]
[SourceVersionDate "2008.06.24"]
[SourceQuality "1"]

1. f4 d5 2. Nf3 Nf6 3. e3 g6 4. b3 Bg7 5. Bb2 0-0 6. Be2 b6 7. 0-0 Bb7 8. c4 dxc4 9. bxc4 c5 10. d3 Re8 11. Ne5 Nbd7 12. Nd2 Nxe5 13. fxe5 Nd7 14. e6 fxe6 15. Bxg7 Kxg7 16. Bf3 Bxf3 17. Nxf3 Nf6 18. d4 Qc7 19. Ng5 Qd6 20. Qf3 cxd4 21. Qh3 Rh8 22. Nxe6+ Kf7 23. Ng5+ Ke8 24. exd4 Qxd4+ 25. Kh1 Qc5 26. Ne6 Qc6 27. Rae1 Qd6 28. c5 bxc5 29. Rxf6 exf6 30. Qb3 1-0

[Event "IECG WC.2002.F.00009 email"]
[Site "IECG email"]
[Date "2002.12.15"]
[Round "?"]
[White "Jacobs, Bernd"]
[Black "Hoogendoorn, Albert"]
[Result "1-0"]
[WhiteElo "1942"]
[BlackElo "1905"]
[PlyCount "87"]
[EventDate "2002.12.15"]
[EventType "tourn (corr)"]
[EventRounds "10"]
[SourceTitle "Corr 2008"]
[Source "ChessBase"]
[SourceDate "2008.06.24"]
[SourceVersion "1"]
[SourceVersionDate "2008.06.24"]
[SourceQuality "1"]

1. d4 e6 2. c4 d5 3. Nc3 c5 4. cxd5 cxd4 5. Qa4+ Bd7 6. Qxd4 exd5 7. Qxd5 Nc6 8. Bg5 Nf6 9. Qd2 Qa5 10. Bxf6 gxf6 11. a3 0-0-0 12. Rc1 Bf5 13. Qf4 Bd6 14. Qa4 Qxa4 15. Nxa4 Kb8 16. Nf3 Ne5 17. Nd2 Ng4 18. e3 Nxh2 19. Be2 Rhg8 20. g3 Ng4 21. Nc4 Be7 22. Nc3 Ne5 23. e4 Bg6 24. Ne3 Rc8 25. f3 Rge8 26. g4 Bc5 27. Ned5 Bd4 28. Rd1 Nc6 29. Kf1 a6 30. Kg2 Re6 31. Bc4 Rd6 32. f4 Rg8 33. Be2 f5 34. e5 Rdd8 35. g5 Rge8 36. Nf6 Rh8 37. Ncd5 Ka7 38. b4 Kb8 39. b5 axb5 40. Bxb5 Bc5 41. Bxc6 bxc6 42. Rc1 Bd4 43. Rxc6 Rc8 44. Rb1+ 1-0

[Event "IECG CB.2002.0.00059 email"]
[Site "IECG email"]
[Date "2002.10.22"]
[Round "?"]
[White "Hoogendoorn, Albert"]
[Black "Ventimiglia, Charles"]
[Result "1-0"]
[WhiteElo "1904"]
[BlackElo "1999"]
[PlyCount "35"]
[EventDate "2002.10.22"]
[EventType "tourn (corr)"]
[EventRounds "6"]
[SourceTitle "Corr 2008"]
[Source "ChessBase"]
[SourceDate "2008.06.24"]
[SourceVersion "1"]
[SourceVersionDate "2008.06.24"]
[SourceQuality "1"]

1. e4 c5 2. d4 Nc6 3. Nf3 cxd4 4. c3 dxc3 5. Nxc3 d6 6. Bc4 e6 7. 0-0 Nf6 8. Qe2 Bd7 9. Rd1 Qb8 10. Bf4 a6 11. e5 Nh5 12. Be3 b5 13. Bb3 dxe5 14. Rxd7 Kxd7 15. Ng5 Nf6 16. Nxf7 Rg8 17. Rd1+ Ke7 18. Ng5 1-0

[Event "IECG CB.2002.0.00059 email"]
[Site "IECG email"]
[Date "2002.10.22"]
[Round "?"]
[White "Soley, A Kerim"]
[Black "Hoogendoorn, Albert"]
[Result "1/2-1/2"]
[WhiteElo "1900"]
[BlackElo "1904"]
[PlyCount "68"]
[EventDate "2002.10.22"]
[EventType "tourn (corr)"]
[EventRounds "6"]
[SourceTitle "Corr 2008"]
[Source "ChessBase"]
[SourceDate "2008.06.24"]
[SourceVersion "1"]
[SourceVersionDate "2008.06.24"]
[SourceQuality "1"]

1. e4 e5 2. Nf3 Nc6 3. Bb5 Bc5 4. c3 f5 5. d4 fxe4 6. Bxc6 dxc6 7. Nfd2 Bd6 8. dxe5 e3 9. fxe3 Bc5 10. Qh5+ g6 11. Qf3 Qe7 12. b4 Bb6 13. Qf4 Be6 14. c4 c5 15. a3 0-0-0 16. 0-0 cxb4 17. axb4 Qxb4 18. Ba3 Qa4 19. Rc1 Ne7 20. Nc3 Qd7 21. Nf3 Qd3 22. c5 Ba5 23. Bb2 Bxc3 24. Bxc3 Nd5 25. Qd4 Nxc3 26. Qxc3 Qxc3 27. Rxc3 a6 28. c6 Bd5 29. Nd4 Rhe8 30. cxb7+ Kxb7 31. Rb1+ Kc8 32. Ra1 Rxe5 33. Rxa6 Kb7 34. Ra1 Rd6 1/2-1/2

[Event "IECG TE.2002.P.01011 email"]
[Site "IECG email"]
[Date "2002.03.28"]
[Round "?"]
[White "Hoogendoorn, Albert"]
[Black "Jenneborg, Seved"]
[Result "0-1"]
[WhiteElo "1911"]
[BlackElo "1187"]
[PlyCount "42"]
[EventDate "2002.03.28"]
[EventType "tourn (corr)"]
[EventRounds "12"]
[SourceTitle "Corr 2008"]
[Source "ChessBase"]
[SourceDate "2008.06.24"]
[SourceVersion "1"]
[SourceVersionDate "2008.06.24"]
[SourceQuality "1"]

1. e4 e5 2. Nf3 Nc6 3. Bb5 Bc5 4. c3 a6 5. Ba4 Nf6 6. 0-0 b5 7. Bc2 d5 8. d4 exd4 9. e5 d3 10. exf6 dxc2 11. fxg7 Rg8 12. Qxc2 Rxg7 13. Re1+ Be6 14. b4 Bd6 15. a4 Qf6 16. Qd3 Nxb4 17. Qd1 Nc2 18. Qxc2 Qxf3 19. g3 Bc5 20. Ba3 Bb6 21. a5 Ba7 0-1

[Event "IECG TE.2002.P.01011 email"]
[Site "IECG email"]
[Date "2002.03.28"]
[Round "?"]
[White "Lorenti, Domenico"]
[Black "Hoogendoorn, Albert"]
[Result "0-1"]
[WhiteElo "864"]
[BlackElo "1911"]
[PlyCount "82"]
[EventDate "2002.03.28"]
[EventType "tourn (corr)"]
[EventRounds "12"]
[SourceTitle "Corr 2008"]
[Source "ChessBase"]
[SourceDate "2008.06.24"]
[SourceVersion "1"]
[SourceVersionDate "2008.06.24"]
[SourceQuality "1"]

1. e4 e5 2. Nf3 Nc6 3. Bb5 Bc5 4. c3 f5 5. d4 fxe4 6. Nxe5 Nxe5 7. dxc5 Nf6 8. Bf4 Qe7 9. Qd4 Nd3+ 10. Bxd3 exd3+ 11. Be3 d5 12. cxd6 Qxd6 13. Qxd6 cxd6 14. 0-0 0-0 15. Nd2 Bf5 16. Nc4 b6 17. Nxd6 Bg6 18. Rad1 Rad8 19. Nb5 Rf7 20. Nxa7 Rxa7 21. Bxb6 Rdd7 22. Bxa7 Rxa7 23. a3 Nd7 24. h4 Ra5 25. f4 Rd5 26. c4 Rd4 27. b4 Bh5 28. Rd2 Be2 29. Rc1 Nb6 30. c5 Nc4 31. Rxc4 Rxc4 32. Kf2 Rxf4+ 33. Ke3 Rc4 34. Rxd3 Bxd3 35. Kxd3 Rc1 36. Kd4 Kf7 37. a4 Ke6 38. a5 Ra1 39. Kc4 Kd7 40. Kb5 Kc7 41. Kc4 h5 0-1

[Event "IECG WC.2005.P.00002 email"]
[Site "IECG email"]
[Date "2002.01.29"]
[Round "?"]
[White "Hoogendoorn, Albert"]
[Black "Pirner, Robert"]
[Result "1-0"]
[WhiteElo "1885"]
[BlackElo "1725"]
[PlyCount "63"]
[EventDate "2002.01.29"]
[EventType "tourn (corr)"]
[EventRounds "12"]
[SourceTitle "Corr 2008"]
[Source "ChessBase"]
[SourceDate "2008.06.24"]
[SourceVersion "1"]
[SourceVersionDate "2008.06.24"]
[SourceQuality "1"]

1. e4 c6 2. d4 d5 3. e5 Bf5 4. Nf3 e6 5. Be2 Ne7 6. 0-0 Nd7 7. Nh4 h6 8. Nc3 Bh7 9. f4 c5 10. Nb5 Nf5 11. Nxf5 Bxf5 12. c4 a6 13. Nd6+ Bxd6 14. exd6 cxd4 15. Qxd4 Qb6 16. Be3 Qxd4 17. Bxd4 0-0 18. Rac1 dxc4 19. Rxc4 Be4 20. Bxg7 Bxg2 21. Kxg2 Kxg7 22. f5 Rad8 23. Rc7 Nf6 24. fxe6 Rxd6 25. Bc4 b5 26. Bb3 Kg6 27. Rxf7 Rxf7 28. exf7 Rd8 29. Kf3 Kg7 30. Rg1+ Kh8 31. Rg6 Nh7 32. Rg8+ 1-0

[Event "IECG WC.2005.P.00002 email"]
[Site "IECG email"]
[Date "2002.01.29"]
[Round "?"]
[White "Hoogendoorn, Albert"]
[Black "Ros, Antonio"]
[Result "0-1"]
[WhiteElo "1885"]
[BlackElo "2305"]
[PlyCount "64"]
[EventDate "2002.01.29"]
[EventType "tourn (corr)"]
[EventRounds "12"]
[SourceTitle "Corr 2008"]
[Source "ChessBase"]
[SourceDate "2008.06.24"]
[SourceVersion "1"]
[SourceVersionDate "2008.06.24"]
[SourceQuality "1"]

1. e4 e5 2. Nf3 Nc6 3. Bc4 Bc5 4. c3 Nf6 5. d4 exd4 6. cxd4 Bb4+ 7. Nc3 Nxe4 8. 0-0 Bxc3 9. d5 Bf6 10. Re1 Ne7 11. Rxe4 d6 12. Bg5 Bxg5 13. Nxg5 h6 14. Qe2 hxg5 15. Re1 Be6 16. dxe6 f6 17. Re3 c6 18. Rh3 Rxh3 19. gxh3 g6 20. b4 Kf8 21. Bd3 Kg7 22. Qg4 a5 23. b5 cxb5 24. Bxb5 Qb6 25. a4 Rh8 26. Qf3 Rh4 27. Qd3 Rf4 28. Re2 Rd4 29. Qf3 Rd1+ 30. Kg2 Qc7 31. Re3 Rc1 32. Re2 Ra1 0-1

[Event "IECG WC.2005.P.00002 email"]
[Site "IECG email"]
[Date "2002.01.29"]
[Round "?"]
[White "Karabalis, Harilos"]
[Black "Hoogendoorn, Albert"]
[Result "1/2-1/2"]
[WhiteElo "2177"]
[BlackElo "1885"]
[PlyCount "90"]
[EventDate "2002.01.29"]
[EventType "tourn (corr)"]
[EventRounds "12"]
[SourceTitle "Corr 2008"]
[Source "ChessBase"]
[SourceDate "2008.06.24"]
[SourceVersion "1"]
[SourceVersionDate "2008.06.24"]
[SourceQuality "1"]

1. e4 e5 2. Nf3 Nf6 3. Nxe5 d6 4. Nf3 Nxe4 5. d4 d5 6. Bd3 Be7 7. 0-0 Nc6 8. Re1 Bg4 9. c3 f5 10. Qb3 Rb8 11. Nbd2 Qd6 12. c4 Nxd2 13. Nxd2 0-0 14. c5 Qd7 15. Bb5 Bf6 16. h3 Bh5 17. Qa4 Rfe8 18. Rf1 Be2 19. Bxe2 Rxe2 20. Nf3 Rbe8 21. Be3 Rxb2 22. Rfb1 b5 23. Qa6 Rxb1+ 24. Rxb1 b4 25. a3 f4 26. Bxf4 Nxd4 27. Nxd4 Bxd4 28. Qd3 Bxc5 29. axb4 Bb6 30. b5 Rf8 31. Bg3 Qf5 32. Qxf5 Rxf5 33. Rc1 d4 34. Bxc7 Rxb5 35. Bxb6 axb6 36. Rc7 Rb1+ 37. Kh2 b5 38. Rd7 b4 39. Rxd4 Kf7 40. f4 b3 41. Rb4 Ke6 42. g4 b2 43. Kg2 Kd6 44. f5 Kc5 45. Rb8 Kd6 1/2-1/2

[Event "IECG TE.2001.P.00803 email"]
[Site "IECG email"]
[Date "2001.10.05"]
[Round "?"]
[White "Perez Munuzuri, Vicente"]
[Black "Hoogendoorn, Albert"]
[Result "0-1"]
[WhiteElo "800"]
[BlackElo "1700"]
[PlyCount "96"]
[EventDate "2001.10.05"]
[EventType "tourn (corr)"]
[EventRounds "8"]
[SourceTitle "Corr 2008"]
[Source "ChessBase"]
[SourceDate "2008.06.24"]
[SourceVersion "1"]
[SourceVersionDate "2008.06.24"]
[SourceQuality "1"]

1. e4 d6 2. d4 Nf6 3. Nc3 g6 4. Nf3 Bg7 5. Be3 0-0 6. Qd2 c6 7. 0-0-0 b5 8. Bd3 b4 9. Ne2 a5 10. h3 Ba6 11. g4 d5 12. e5 Ne4 13. Bxe4 dxe4 14. Nh4 a4 15. Ng3 b3 16. axb3 axb3 17. Nxe4 Qd5 18. Nc3 Bc4 19. Qe1 Qe6 20. f4 bxc2 21. Kxc2 Bb3+ 22. Kb1 Bxd1 23. Qxd1 Qd7 24. f5 e6 25. f6 Bh8 26. Nf3 Na6 27. Na4 Rfb8 28. Nd2 c5 29. Nc4 Qc6 30. d5 exd5 31. Ncb6 Rxb6 32. Nxb6 Qxb6 33. Qxd5 Rb8 34. Rh2 Rd8 35. Qf3 Nb4 36. Rd2 Re8 37. Rd6 Qa5 38. Qe4 Bxf6 39. e6 Qa2+ 40. Kc1 Qxb2+ 41. Kd1 fxe6 42. g5 Be5 43. Rd2 Qa1+ 44. Ke2 Rf8 45. Bf2 Qa6+ 46. Kd1 Bc3 47. Qe3 Bxd2 48. Qxd2 Nd3 0-1